| 000 | 00478 a2200181 4500 | ||
|---|---|---|---|
| 001 | 87345 | ||
| 082 | _a621.35502 AHQ | ||
| 090 |
_c41013 _d41013 |
||
| 100 | _aDte of EW, AHQ Pakistan Air Force | ||
| 245 |
_aBasic Electronic Warfare; Training Manual _hEnglish |
||
| 250 | _a1 | ||
| 260 |
_aAHQ Islamabad _bDte of EW _c2008 |
||
| 300 |
_a140p _bPhotocopy (HB) |
||
| 500 | _aBE Textbooks Avionics | ||
| 505 | _aAHQ Books | ||
| 520 | _aDOS Precis | ||
| 610 | _aPAF | ||
| 942 |
_aCAE, NUST _k621.35502 AHQ _cAV |
||
| 999 |
_c322418 _d322418 |
||